Statistics for Countries, US States, Capitals, Elements, 100 Most Common Words: majority JETPUNK letters

Click here to take the quiz!

General Stats

  • This quiz has been taken 125 times
  • The average score is 38 of 60

Answer Stats

J E T P U N K% Correct
{}T{}h{E}
92%
{}N{E}w{}
90%
U{P}
90%
{}b{}U{T}
88%
{}g{}E{T}
88%
{}J{}a{PaN}
88%
{}N{}o{T}
86%
{}o{}N{E}
86%
{}x{}E{NoN}
86%
{}J{U}s{T}
84%
{}o{}U{T}
84%
{}U{}s{E}
80%
{}y{}E{mEN}
80%
{}E{}v{EN}
78%
{}s{}E{E}
78%
{}E{}i{NsTEiNiUm}
76%
{}K{EN}y{a}
76%
{}K{}r{yPToN}
76%
{}T{}i{N}
76%
{}T{}h{EN}
73%
{}v{}E{NEzUEla}
73%
{}E{}g{yPT}
71%
{}b{}E{NiN}
69%
{}N{E}w{ JErsEy}
69%
{}s{}K{oPJE}
69%
{}T{U}r{KmENisTaN}
69%
{}N{E}o{N}
67%
{}T{E}c{hNETiUm}
67%
{}T{}h{ErE}
67%
{}T{}h{EsE}
67%
{}K{ENTU}c{Ky}
65%
{}P{}l{UToNiUm}
65%
{}U{K}r{aiNE}
65%
{}U{N}i{TEd sTaTEs}
65%
{}N{}a{UrU}
63%
{}P{E}r{U}
63%
{}r{}U{ThENiUm}
63%
{}v{a}N{UaTU}
63%
{}c{o}N{NEcTicUT}
57%
{}v{i}E{NTiaNE}
55%
{}T{}a{KE}
51%
{}T{}r{ENToN}
51%
{}T{U}r{KEy}
51%
{}T{ENNE}s{sEE}
49%
{}T{}h{iNK}
49%
{}P{}a{PUa NEw gUiNEa}
47%
{}J{UNE}a{U}
43%
{}l{}U{TETiUm}
43%
{}N{EP}a{l}
43%
{}T{UN}g{sTEN}
43%
{}P{}h{Nom PENh}
41%
{}c{h}E{yENNE}
39%
{}r{o}E{NTgENiUm}
39%
{}T{}o{PEKa}
39%
{}l{i}E{chTENsTEiN}
33%
{}T{UN}i{s}
33%
{}T{}a{shKENT}
31%
{}N{EPTUN}i{Um}
29%
{}T{ENNE}s{siNE}
27%
{}P{E}o{PlE}
22%

Score Distribution

Percentile by Number Answered

Percent of People with Each Score

Your Score History

You have not taken this quiz